Mexico or New Mexico? - Statistics

General Stats
  • This quiz has been taken 86 times
  • The average score is 9 of 14
Answer Stats
Question Answer % Correct
Birthplace of Frida Kahlo Mexico
93%
Bird symbol is the Greater Roadrunner New Mexico
93%
Hosts the largest hot air balloon festival in the world New Mexico
93%
Has rattlesnakes both
86%
Bigger than Texas Mexico
86%
Has ancient pyramids Mexico
86%
Site of the Monterrey Institute of Technology and Higher Education Mexico
79%
Home to Aztec civilisations Mexico
79%
Borders four states of the USA both
50%
Elected a female Secretary of State in 1922 New Mexico
50%
Was given its present name first New Mexico
36%
Abolished capital punishment in 2005 Mexico
29%
The most common surnames are Martinez, Garcia and Chavez New Mexico
29%
Capital city more than 7,000ft above sea level both
14%
No matching quizzes found
Score Distribution
Percent of People with Each Score
Percentile by Number Answered
Your Score History
You have not taken this quiz